000
00323pab a2200145 454500
008
180718b1988 xxu||||| |||| 00| 0 eng d
100
_a
Vohra, B.B.
245
_a
Confusion on the forestry front
260
_c
1988
300
_a
24-5
362
_a
16 Dec.
650
_a
Forests - India
773
_a
Yojana
909
_a
8893
999
_c
8893
_d
8893